En Yakın Altı Ülke - San Marino - Statistics

General Stats
  • This quiz has been taken 176 times
  • The average score is 3 of 6
Answer Stats
km ülke % Correct
0 İtalya
97%
221 Vatikan Şehri
73%
259 Fransa
44%
186 Slovenya
35%
141 Hırvatistan
27%
271 Bosna Hersek
20%
No matching quizzes found
Score Distribution
Percent of People with Each Score
Percentile by Number Answered
Your Score History
You have not taken this quiz